| 000 | 00525nam a2200193 a 4500 | ||
|---|---|---|---|
| 005 | 20220821180359.0 | ||
| 008 | 991125s1979 mx 000 0 spa u | ||
| 020 | _a9684341121 | ||
| 035 | _aUPN01000016773 | ||
| 049 | _aCG | ||
| 050 | 4 |
_aPR6019 O7 _bD8.28 |
|
| 100 | 1 |
_aJoyce, James, _d1882-1941 |
|
| 245 | 1 | 0 |
_aDublineses / _cJames Joyce ; tr. Oscar Muslera. |
| 260 |
_aMéxico : _bPremiá, _c1979. |
||
| 300 | _a204 p. | ||
| 440 | 3 |
_aLa nave de los locos ; _v19 |
|
| 650 | 0 |
_aLiteratura irlandesa _95067 |
|
| 905 | _aLibro | ||
| 999 |
_c16773 _d16773 |
||